Países con la menor cantidad de contaminación del aire - Estadísticas

Estadísticas generales
  • Esta prueba ha sido intentada 2.158 veces
    1.064 desde el último reinicio
  • La puntuación promedio es 12 de 21
Estadísticas de respuestas
μg/m3 Población País % Correcto
6,6 5,51 M Noruega
84%
5,6 10,7 M Suecia
83%
5,6 5,55 M Finlandia
82%
5,6 378 mil Islandia
79%
7,1 39,1 M Canadá
78%
6,7 26,7 M Australia
77%
6,0 5,28 M Nueva Zelanda
74%
9,7 47,5 M España
72%
7,9 5,08 M Irlanda
60%
7,7 345 M Estados Unidos
59%
5,9 1,32 M Estonia
57%
8,3 10,2 M Portugal
57%
6,0 11 mil Tuvalu
54%
5,9 13 mil Nauru
53%
9,1 80 mil Andorra
51%
9,0 42 mil Islas Marshall
48%
9,5 136 mil Kiribati
46%
6,9 18 mil Palaos
43%
9,5 3,42 M Uruguay
30%
8,8 48 mil San Cristóbal y Nieves
24%
7,7 455 mil Brunéi
20%
No se encontraron pruebas coincidentes
Distribución de puntuación
Porcentaje de gente con cada puntuación
Porcentaje por número respondido
Historial de tus puntuaciones
No has intentado esta prueba desde el último reinicio